Normal view
MARC view
- Boyce, Jim Dunn, Sheldon Turkstra, Chris
Entry Personal Name
001 - CONTROL NUMBER
- control field: 78080
003 - CONTROL NUMBER IDENTIFIER
- control field: NUST
005 - DATE AND TIME OF LATEST TRANSACTION
- control field: 20210628210100.0
008 - FIXED-LENGTH DATA ELEMENTS
- fixed length control field: 210628|| aca||aabn | a|a d
040 ## - CATALOGING SOURCE
- Original cataloging agency: NUST
- Transcribing agency: NUST
100 ## - HEADING--PERSONAL NAME
- Personal name: Boyce, Jim Dunn, Sheldon Turkstra, Chris
670 ## - SOURCE DATA FOUND
- Source citation: Work cat.: (NUST): Boyce, Jim Dunn, Sheldon Turkstra, Chris, Upgrading pcs illustrated step by step illustrations show you exactly how to upgrade your pc, 1997
